000 00537nam a2200169 4500
999 _c509918
_d509918
008 190704b ||||| |||| 00| 0 eng d
100 _aHe, Jiaxiu
_96740
245 _aSevere air pollution and labor productivity: evidence from industrial towns in China
260 _c2019
300 _ap.173-201.
650 _aLabour productivity - China
_96741
700 _aLiu, Haoming
_96742
700 _aSalvo, Alberto
_96743
773 _aAmerican Economic Journal: Applied Economics
906 _aAir pollution - China
942 _2ddc
_cAR